<?xml version="1.0" encoding="UTF-8"?><?xml-stylesheet type="text/xsl" href="static/style.xsl"?><OAI-PMH xmlns="http://www.openarchives.org/OAI/2.0/" xmlns:xsi="http://www.w3.org/2001/XMLSchema-instance" xsi:schemaLocation="http://www.openarchives.org/OAI/2.0/ http://www.openarchives.org/OAI/2.0/OAI-PMH.xsd"><responseDate>2026-04-14T03:30:11Z</responseDate><request verb="GetRecord" identifier="oai:www.recercat.cat:10459.1/464612" metadataPrefix="marc">https://recercat.cat/oai/request</request><GetRecord><record><header><identifier>oai:recercat.cat:10459.1/464612</identifier><datestamp>2025-09-15T18:53:12Z</datestamp><setSpec>com_2072_3622</setSpec><setSpec>col_2072_479130</setSpec></header><metadata><record xmlns="http://www.loc.gov/MARC21/slim" xmlns:dcterms="http://purl.org/dc/terms/" xmlns:xsi="http://www.w3.org/2001/XMLSchema-instance" xmlns:doc="http://www.lyncode.com/xoai" xsi:schemaLocation="http://www.loc.gov/MARC21/slim http://www.loc.gov/standards/marcxml/schema/MARC21slim.xsd">
   <leader>00925njm 22002777a 4500</leader>
   <datafield ind2=" " ind1=" " tag="042">
      <subfield code="a">dc</subfield>
   </datafield>
   <datafield ind2=" " ind1=" " tag="720">
      <subfield code="a">Martínez Rubio, David</subfield>
      <subfield code="e">author</subfield>
   </datafield>
   <datafield ind2=" " ind1=" " tag="720">
      <subfield code="a">Sanabria Mazo, Juan P.</subfield>
      <subfield code="e">author</subfield>
   </datafield>
   <datafield ind2=" " ind1=" " tag="720">
      <subfield code="a">Feliu Soler, Albert</subfield>
      <subfield code="e">author</subfield>
   </datafield>
   <datafield ind2=" " ind1=" " tag="720">
      <subfield code="a">Colomer Carbonell, Ariadna</subfield>
      <subfield code="e">author</subfield>
   </datafield>
   <datafield ind2=" " ind1=" " tag="720">
      <subfield code="a">Martínez Brotóns, Cristina</subfield>
      <subfield code="e">author</subfield>
   </datafield>
   <datafield ind2=" " ind1=" " tag="720">
      <subfield code="a">Solé Cases, Silvia</subfield>
      <subfield code="e">author</subfield>
   </datafield>
   <datafield ind2=" " ind1=" " tag="720">
      <subfield code="a">Escamilla, Cristina</subfield>
      <subfield code="e">author</subfield>
   </datafield>
   <datafield ind2=" " ind1=" " tag="720">
      <subfield code="a">Giménez Fita, Elisa</subfield>
      <subfield code="e">author</subfield>
   </datafield>
   <datafield ind2=" " ind1=" " tag="720">
      <subfield code="a">Moreno, Yolanda</subfield>
      <subfield code="e">author</subfield>
   </datafield>
   <datafield ind2=" " ind1=" " tag="720">
      <subfield code="a">Pérez Aranda, Adrián</subfield>
      <subfield code="e">author</subfield>
   </datafield>
   <datafield ind2=" " ind1=" " tag="720">
      <subfield code="a">Luciano, Juan V.</subfield>
      <subfield code="e">author</subfield>
   </datafield>
   <datafield ind2=" " ind1=" " tag="720">
      <subfield code="a">Montero Marín, Jesús</subfield>
      <subfield code="e">author</subfield>
   </datafield>
   <datafield ind2=" " ind1=" " tag="260">
      <subfield code="c">2020</subfield>
   </datafield>
   <datafield ind2=" " ind1=" " tag="520">
      <subfield code="a">The burnout syndrome is the consequence of chronic stress that overwhelms an individual’s resources to cope with occupational or academic demands. Frenetic, under-challenged, and worn-out are different burnout subtypes. Mindfulness has been recognized to reduce stress, comprising five facets (observing, describing, acting with awareness, non-judging of inner experience, and non-reactivity to inner experience). This cross-sectional study aimed to assess the relationship between mindfulness facets, perceived stress, and burnout subtypes in a sample of 1233 students of Education, Nursing, and Psychology degrees from different universities of Valencia (Spain). Structural Equation Modelling (SEM) was computed showing an adequate fit (Chi-square, CFI, TLI, RMSEA, and SRMR). Four mindfulness facets (all but observing) significantly correlated with general second-order mindfulness. Unexpected results were found: Acting with awareness facet was positively associated with frenetic subtype, while the non-reacting facet was positively associated with frenetic and under-challenged subtype. Ultimately, mindfulness facets negatively predicted the perceived stress levels, which in turn, predicted burnout. However, mindfulness plays different roles in the early stages of burnout syndrome (i.e., frenetic and under-challenged).</subfield>
   </datafield>
   <datafield ind2=" " ind1=" " tag="520">
      <subfield code="a">The project received funding from the Network for Prevention and Health Promotion in Primary Care (RD16/0007/0005)—Instituto de Salud Carlos III (ISCIII) of the Spanish Ministry of Economy and Competitiveness, and DGA group (B17-17R), co-financed with European Union ERDF funds. J.M.-M. is supported by the Wellcome Trust Grant (104908/Z/14/Z/). J.V.L. has a “Miguel Servet” research contract from the ISCIII (CPII19/00003). J.P.S.-M. has a PFIS contract from the ISCIII (FI20/00034). The funding sources and trial sponsors had no influence on the design of the study, data collection and analysis, or the writing of the manuscript.</subfield>
   </datafield>
   <datafield tag="653" ind2=" " ind1=" ">
      <subfield code="a">Burnout</subfield>
   </datafield>
   <datafield tag="653" ind2=" " ind1=" ">
      <subfield code="a">Mindfulness</subfield>
   </datafield>
   <datafield tag="653" ind2=" " ind1=" ">
      <subfield code="a">Stress</subfield>
   </datafield>
   <datafield tag="653" ind2=" " ind1=" ">
      <subfield code="a">Mental health</subfield>
   </datafield>
   <datafield tag="653" ind2=" " ind1=" ">
      <subfield code="a">Students</subfield>
   </datafield>
   <datafield ind2="0" ind1="0" tag="245">
      <subfield code="a">Testing the Intermediary Role of Perceived Stress in the Relationship between Mindfulness and Burnout Subtypes in a Large Sample of Spanish University Students</subfield>
   </datafield>
</record></metadata></record></GetRecord></OAI-PMH>